Pays ayant remportés l'Europa League - Statistiques

Statistiques générales
  • Ce quiz a été pris 235 fois
  • Le résultat moyen est 10 sur 11
Statistiques - réponses
Rang Finales gagnés Réponse % Correct
2 9 Angleterre
100%
1 13 Espagne
100%
2 9 Italie
100%
4 6 Allemagne
99%
6 2 Portugal
97%
5 4 Pays-Bas
93%
6 2 Russie
90%
9 1 Belgique
85%
9 1 Ukraine
80%
6 2 Suède
70%
9 1 Turquie
70%
Aucun quiz correspondant
Distribution des résultats
% des personnes avec chaque résultat
Percentile par nombre de réponses
Votre historique - résultats
Vous n’avez pas pris ce quiz